Т. 74, вып. 2; Известия Томского политехнического института [Известия ТПИ]

Detaylı Bibliyografya
Parent link:Известия Томского политехнического института [Известия ТПИ]/ Томский политехнический институт (ТПИ). Т. 74, вып. 2.— , 1944-1976
Dil:Rusça
Baskı/Yayın Bilgisi: Изд-во ТПИ, 1953
Konular:
Materyal Türü: Kitap
KOHA link:https://koha.lib.tpu.ru/cgi-bin/koha/opac-detail.pl?biblionumber=186259

MARC

LEADER 00000nam2a2200000 4500
001 186259
005 20231031173516.0
035 |a (RuTPU)RU\TPU\book\202087 
035 |a RU\TPU\book\202086 
090 |a 186259 
100 |a 20101026d1953 k y0rusy50 ca 
101 0 |a rus 
102 |a RU 
105 |a a z 000zy 
200 0 |a Т. 74, вып. 2 
210 |c Изд-во ТПИ  |d 1953 
215 |a 96 с.  |c граф., рис., табл., черт. 
461 1 |0 (RuTPU)RU\TPU\book\200995  |t Известия Томского политехнического института [Известия ТПИ]  |f Томский политехнический институт (ТПИ)  |v Т. 74, вып. 2  |d 1944-1976 
601 0 2 |a Томский политехнический институт (ТПИ)  |c (1944-1991)  |2 stltpush  |3 (RuTPU)RU\TPU\col\1123 
610 1 |a научные исследования 
610 1 |a Западные Саяны 
610 1 |a кембрий 
610 1 |a стратиграфия 
610 1 |a отложения 
610 1 |a состав 
610 1 |a строение 
610 1 |a интрузивные формации 
610 1 |a геологические формации 
610 1 |a возраст 
610 1 |a корреляция 
610 1 |a труды учёных ТПУ 
675 |a 62  |v 3 
801 1 |a RU  |b 63413507  |c 20090209  |g PSBO 
801 2 |a RU  |b 63413507  |c 20130326  |g PSBO 
942 |c BK